The petroleum resources of South America : Argentina, Bolivia, Brazil, Chile, Colombia, Ecuador, and Peru /

Bibliographic Details
Main Author: Dietzman, William D.
Corporate Author: United States. Energy Information Administration
Other Authors: Rafidi, Naim R.
Format: Microform Book
Language:English
Published: Washington, D.C. : Energy Information Administration, Office of Oil and Gas, U.S. Dept. of Energy, [1983]
Series:Special studies series. Latin America. 1985-1988 supplement.
Subjects:

MARC

Tag First Indicator Second Indicator Subfields
LEADER 00000cam a2200000 a 4500
001 in00001183521
005 20200706164108.0
007 hd afb|||buca
008 940713s1983 dcuab ab f000 0 eng d
035 |a (OCoLC)30758247 
035 |9 AGG9819AM 
040 |a TXA  |c TXA  |d UtOrBLW 
043 |a cl-----  |a s------ 
049 |a TXAI 
090 |a F1415  |b L33 
099 |a film  |a A  |a 376.3  |a reel 8  |a frame  |a 360 
100 1 |a Dietzman, William D. 
245 1 4 |a The petroleum resources of South America :  |b Argentina, Bolivia, Brazil, Chile, Colombia, Ecuador, and Peru /  |c prepared by William D. Dietzman and Naim R. Rafidi. 
264 1 |a Washington, D.C. :  |b Energy Information Administration, Office of Oil and Gas, U.S. Dept. of Energy,  |c [1983] 
300 |a xx, 315 pages :  |b illustrations, maps ;  |c 28 cm. 
336 |a text  |b txt  |2 rdacontent 
337 |a microform  |b h  |2 rdamedia 
338 |a microfilm reel  |b hd  |2 rdacarrier 
500 |a "January 1983." 
500 |a "DOE/EIA-0467." 
504 |a Includes bibliographical references (pages 309-315). 
533 |a Microfilm.  |b Frederick, Md. :  |c University Publications of America,  |d 1989.  |e On reel 8 of 12 microfilm reels ; 35 mm.  |f (Special studies series. Latin America. 1985-1988 supplement). 
539 |a s  |b 1989  |d mdu  |e n  |g a 
500 |a Microform. 
650 0 |a Petroleum  |z South America. 
650 0 |a Natural gas  |z South America. 
710 1 |a United States.  |b Energy Information Administration. 
700 1 |a Rafidi, Naim R. 
830 0 |a Special studies series.  |p Latin America.  |p 1985-1988 supplement. 
999 |a MARS 
999 f f |s b3867b56-c470-3aa9-8924-72a48ecf6d55  |i e2b9b755-5873-38c6-bae4-8bda681ee639  |t 0 
952 f f |p normal  |a Texas A&M University  |b College Station  |c Sterling C. Evans Library  |d Evans: Microforms Film (3rd floor)  |t 0  |e F1415 L33 reel 8 frame 360  |h Library of Congress classification  |i microform -- microfilm reel  |k Reel 8  |m A14827324634 
998 f f |a F1415 L33 reel 8 frame 360  |t 0  |l Evans: Microforms Film (3rd floor)